|
|
|
|
| LEADER |
00000nas a2200000 a 4500 |
| 001 |
ssj0006406 |
| 003 |
WaSeSS |
| 005 |
20200512172242.0 |
| 006 |
m d |
| 007 |
cr n |
| 008 |
751101c19309999cauwn p s o 0 a0eng c |
| 010 |
|
|
|a 88656215
|z sn 78005783
|z sn 87033521
|
| 016 |
|
|
|a (AMICUS)000002337384
|
| 016 |
7 |
|
|a 009204750
|2 Uk
|
| 016 |
7 |
|
|a 009204750
|2 Uk
|
| 022 |
|
|
|l 0018-3660
|y 0018-3660
|
| 032 |
|
|
|a 247580
|b USPS
|
| 035 |
|
|
|a (WaSeSS)ssj0006406
|
| 037 |
|
|
|b The Hollywood Reporter, P.O. Box 1431, Hollywood, CA 90078
|
| 040 |
|
|
|a MUL
|b eng
|c MUL
|d NSD
|d IUL
|d MUL
|d NST
|d NSD
|d NST
|d DLC
|d OCL
|d DLC
|d NST
|d DLC
|d CLU
|d NST
|d MYG
|d CDS
|d OCLCQ
|d DLC
|d IUL
|d CUS
|d SINLB
|d OCLCQ
|d IUL
|d UKMGB
|d OCLCQ
|d OCLCF
|d OCLCO
|d PX0
|d LIP
|d XFH
|d ZQP
|d OCLCO
|d NLC
|d OCLCQ
|d PAU
|d OCLCQ
|d ZAS
|d OCLCO
|d TP7
|d OCLCO
|d UKBTH
|d OCLCQ
|d WaSeSS
|
| 042 |
|
|
|a nsdp
|a pcc
|
| 050 |
0 |
0 |
|a PN1993
|b .H5
|
| 082 |
0 |
0 |
|a 384/.8/05
|2 19
|
| 082 |
0 |
4 |
|a 791.4305
|2 21
|
| 130 |
0 |
|
|a Hollywood reporter (1930)
|
| 210 |
0 |
|
|a Hollywood report.
|
| 222 |
|
4 |
|a The Hollywood reporter
|
| 245 |
1 |
4 |
|a The Hollywood reporter
|h [electronic resource].
|
| 246 |
3 |
0 |
|a Hollywood reporter magazine
|f <Aug. 1987-Mar. 1989>
|
| 260 |
|
|
|a [Hollywood, Calif.] :
|b [Wilkerson Daily Corp.]
|
| 310 |
|
|
|a 77 times per year
|
| 321 |
|
|
|a Daily (except Saturdays, Sundays, holidays and the day after Thanksgiving, with 2 issues on the third Friday of each month and special editions in May, Aug., Sept., and Nov.)
|
| 362 |
1 |
|
|a Began in 1930.
|
| 500 |
|
|
|a Volumes for <2003-> accompanied by a CD-ROM.
|
| 500 |
|
|
|a Some special issues called: Weekly international ed.
|
| 500 |
|
|
|a Publisher: Hollywood Reporter Inc., <May 16, 1988->
|
| 506 |
|
|
|a License restrictions may limit access.
|
| 515 |
|
|
|a Issues for <Vol. 302, no. 21 (May 16, 1988)-> are also numbered <58th year->.
|
| 515 |
|
|
|a Some issues are combined.
|
| 580 |
|
|
|a One issue a month <Aug. 1987-Mar. 1989> has title: The Hollywood reporter magazine, numbered consecutively with The Hollywood reporter and absorbed by American film in April 1989.
|
| 588 |
|
|
|a Description based on: Vol. 30, no. 1 (Oct. 28, 1935); title from caption.
|
| 588 |
|
|
|a Latest issue consulted: Vol. 302, no. 21 (May 16, 1988).
|
| 650 |
|
0 |
|a Motion picture industry
|v Periodicals.
|
| 650 |
|
7 |
|a Motion picture industry.
|2 fast
|0 (OCoLC)fst01027150
|
| 655 |
|
0 |
|a Electronic journals.
|
| 785 |
1 |
5 |
|t American film
|w (DLC) 76640564
|w (OCoLC)2246336
|
| 850 |
|
|
|a AzU
|a CLU
|a CSf
|a CSt
|a CU-Riv
|a CtY
|a DLC
|a IC
|a IU
|a NN
|a NcU
|
| 853 |
2 |
0 |
|8 1
|a v.
|b no.
|u 50
|v r
|i (year)
|j (month)
|k (day)
|w d
|
| 856 |
4 |
0 |
|z Full text available from Research Library: 12/18/2001 to present
|u https://search.proquest.com/publication/8005
|
| 863 |
4 |
1 |
|8 1.1
|a <379 >
|b <1 >
|i <2003 >
|j <06 >
|k <10/16 >
|